[Event "87o Campeonato Brasileiro Absoluto Final Aberta"]
[Site "Cuiaba MT"]
[Date "2021.10.30"]
[Round "4"]
[Board "9"]
[White "Luz, Arthur Nader"]
[Black "Cadilhac, Igor Tokuichi Kikuchi"]
[Result "1-0"]
[WhiteElo "2149"]
[BlackElo "2323"]
[PlyCount "91"]
[EventDate "2021.10.28"]
[EventRounds "11"]
[EventCountry "BRA"]

1. d4 d5 2. Bf4 Nf6 3. e3 c5 4. Nc3 e6 5. Nb5 Na6 6. c3 Be7 7. h4 O-O 8. Bd3
Bd7 9. a4 Qb6 10. Nf3 c4 11. Bc2 Bxb5 12. axb5 Qxb5 13. Rb1 Qe8 14. Qe2 b5 15.
Ra1 Qc8 16. Ng5 Nc7 17. Be5 Nce8 18. e4 dxe4 19. Nxe4 Nd5 20. Ng5 f5 21. Rh3
Nef6 22. Rg3 g6 23. Nh3 Ng4 24. Rxg4 fxg4 25. Qxg4 Nf6 26. Qg5 Rf7 27. Qg3 Qc6
28. Ng5 Nh5 29. Qg4 Bxg5 30. Be4 Qe8 31. hxg5 Rc8 32. Ra6 Ng7 33. f4 b4 34. d5
Qb5 35. dxe6 Re7 36. Rd6 bxc3 37. bxc3 Rce8 38. Bc6 Qb1+ 39. Rd1 Qb6 40. Bxe8
Nxe8 41. Rd7 Kf8 42. Qh3 Qxe6 43. Qxe6 Rxe6 44. Rxa7 Nd6 45. Ra6 Ke7 46. Rxd6
 1-0

[Event "87o Campeonato Brasileiro Absoluto Final Aberta"]
[Site "Cuiaba MT"]
[Date "2021.10.30"]
[Round "4"]
[Board "10"]
[White "Barbosa, Evandro Amorim"]
[Black "Sega, Carlos Alberto"]
[Result "1/2-1/2"]
[WhiteElo "2509"]
[BlackElo "2164"]
[PlyCount "73"]
[EventDate "2021.10.28"]
[EventRounds "11"]
[EventCountry "BRA"]

1. d4 Nf6 2. c4 e6 3. g3 d5 4. Bg2 Bb4+ 5. Nd2 O-O 6. Ngf3 b6 7. O-O Bb7 8. a3
Bxd2 9. Nxd2 c5 10. dxc5 bxc5 11. cxd5 exd5 12. b4 Nbd7 13. Nb3 Rc8 14. Be3
cxb4 15. axb4 a6 16. Bd4 Re8 17. e3 Bc6 18. Bh3 Bb5 19. Re1 Rc4 20. Nc5 Rxb4
21. Nxa6 Bxa6 22. Rxa6 Ne5 23. Bg2 Qc8 24. Ra4 Rxa4 25. Qxa4 Qf5 26. Rd1 Rc8
27. Bxe5 Qxe5 28. Qa5 h5 29. Qd2 Rc5 30. h3 Rb5 31. Qd4 Qxd4 32. Rxd4 Rb1+ 33.
Bf1 Kf8 34. Kg2 Rb2 35. Kf3 Ke7 36. g4 hxg4+ 37. hxg4  1/2-1/2

[Event "87o Campeonato Brasileiro Absoluto Final Aberta"]
[Site "Cuiaba MT"]
[Date "2021.10.30"]
[Round "4"]
[Board "11"]
[White "Santiago, Yago De Moura"]
[Black "Abrantes, Tiago Garrido"]
[Result "1-0"]
[WhiteElo "2478"]
[BlackElo "2178"]
[PlyCount "67"]
[EventDate "2021.10.28"]
[EventRounds "11"]
[EventCountry "BRA"]

1. d4 Nf6 2. c4 g6 3. Nc3 d5 4. Nf3 Bg7 5. h4 c6 6. cxd5 cxd5 7. Bf4 Nc6 8. e3
a6 9. Qb3 Na5 10. Qa3 Bf5 11. Ne5 Rc8 12. Be2 h5 13. Qb4 Ne4 14. Nxe4 Bxe4 15.
O-O f6 16. Nf3 Rc2 17. Rfe1 b5 18. Rac1 Nc6 19. Qa3 Rxc1 20. Rxc1 Qb6 21. Nd2
Bf5 22. Bf3 Be6 23. Qc3 Nd8 24. Bc7 Qb7 25. Bxd8 Kxd8 26. Qa5+ Ke8 27. Rc7 Qb8
28. Nb3 Qd8 29. Qb6 Kf7 30. Nc5 Bc8 31. Qc6 Re8 32. Bxd5+ Kf8 33. Ne6+ Bxe6 34.
Qxe6  1-0

[Event "87o Campeonato Brasileiro Absoluto Final Aberta"]
[Site "Cuiaba MT"]
[Date "2021.10.30"]
[Round "4"]
[Board "13"]
[White "Bittencourt, Jorge"]
[Black "Urquiza, Marcello De Albuquerque"]
[Result "1-0"]
[WhiteElo "2414"]
[BlackElo "2093"]
[PlyCount "44"]
[EventDate "2021.10.28"]
[EventRounds "11"]
[EventCountry "BRA"]

1. d4 d5 2. c4 dxc4 3. e3 Nf6 4. Bxc4 e6 5. Nf3 c5 6. O-O a6 7. Be2 Nc6 8. dxc5
Qxd1 9. Rxd1 Bxc5 10. b3 Ke7 11. Bb2 Bd7 12. Nbd2 Rac8 13. Rac1 Nb4 14. a3 Nbd5
15. Ne5 Ba7 16. Nxd7 Rxc1 17. Rxc1 Kxd7 18. Nc4 Bb8 19. Na5 b5 20. a4 bxa4 21.
bxa4 Nc7 22. Nc6 Nfe8  1-0

[Event "87o Campeonato Brasileiro Absoluto Final Aberta"]
[Site "Cuiaba MT"]
[Date "2021.10.30"]
[Round "4"]
[Board "14"]
[White "Molina, Roberto Junio Brito"]
[Black "Dos Santos, Clecio Franca"]
[Result "1-0"]
[WhiteElo "2434"]
[BlackElo "2031"]
[PlyCount "77"]
[EventDate "2021.10.28"]
[EventRounds "11"]
[EventCountry "BRA"]

1. e4 d6 2. d4 Nf6 3. Nc3 g6 4. Be3 Bg7 5. Qd2 Ng4 6. Bg5 f6 7. Bh4 O-O 8. h3
Nh6 9. O-O-O Nf7 10. Kb1 Na6 11. f4 c5 12. dxc5 Nxc5 13. Nf3 Rb8 14. Bf2 b6 15.
Bc4 Be6 16. Bxe6 Nxe6 17. f5 Nc5 18. Qe2 Qe8 19. Nd4 Qd7 20. g4 Rfc8 21. h4 Ne5
22. Bg3 Nc6 23. Nf3 b5 24. Nd5 e6 25. Bxd6 exd5 26. Bxc5 Qf7 27. Rxd5 Bf8 28.
Bxf8 Kxf8 29. Qd2 Rb7 30. g5 a5 31. gxf6 Ke8 32. Rd1 Qxf6 33. Rd6 Qe7 34. f6
Qc7 35. Ng5 Ne5 36. Re6+ Kf8 37. Re7 Nc4 38. Ne6+ Kg8 39. f7+  1-0

[Event "87o Campeonato Brasileiro Absoluto Final Aberta"]
[Site "Cuiaba MT"]
[Date "2021.10.30"]
[Round "4"]
[Board "15"]
[White "Santos, Marcus Vinicius Moreira"]
[Black "Pereira, Geanfrancesco"]
[Result "1/2-1/2"]
[WhiteElo "2375"]
[BlackElo "2023"]
[PlyCount "79"]
[EventDate "2021.10.28"]
[EventRounds "11"]
[EventCountry "BRA"]

1. d4 Nf6 2. c4 g6 3. Nc3 Bg7 4. e4 d6 5. Be2 O-O 6. Be3 e5 7. d5 Na6 8. g4 Nc5
9. f3 a5 10. Nh3 h5 11. Nf2 Qe8 12. Qd2 Bd7 13. O-O-O Qb8 14. Rdg1 Re8 15. Bg5
hxg4 16. Bxf6 Bxf6 17. Nxg4 Bxg4 18. Rxg4 Kg7 19. h4 Rh8 20. h5 Kf8 21. h6 Rh7
22. Rg2 a4 23. Kb1 Qd8 24. Bd1 Qe7 25. Bc2 a3 26. b3 c6 27. Rd1 Rd8 28. Ka1 Qc7
29. Nb1 cxd5 30. cxd5 Ra8 31. Rh1 Qb6 32. Qc3 Na6 33. Nd2 Nb4 34. Kb1 Ke7 35.
Nc4 Qc5 36. Qe3 Qxe3 37. Nxe3 Kd7 38. Bd1 Bd8 39. Be2 Bb6 40. Nc4  1/2-1/2

[Event "87o Campeonato Brasileiro Absoluto Final Aberta"]
[Site "Cuiaba MT"]
[Date "2021.10.30"]
[Round "4"]
[Board "16"]
[White "Souza Dos Santos, Matheus Garcett"]
[Black "Limp, Eduardo Thelio"]
[Result "0-1"]
[WhiteElo "1999"]
[BlackElo "2364"]
[PlyCount "36"]
[EventDate "2021.10.28"]
[EventRounds "11"]
[EventCountry "BRA"]

1. e4 c5 2. Nf3 Nc6 3. d4 cxd4 4. Nxd4 Nf6 5. Nc3 d6 6. Bc4 e6 7. Bb3 Be7 8.
Be3 O-O 9. O-O Bd7 10. f4 Nxd4 11. Bxd4 Bc6 12. Qd3 b5 13. e5 dxe5 14. fxe5 Nd7
15. Nxb5 Nc5 16. Qe3 Nxb3 17. axb3 Qd5 18. Rf2 Qxb5  0-1

[Event "87o Campeonato Brasileiro Absoluto Final Aberta"]
[Site "Cuiaba MT"]
[Date "2021.10.30"]
[Round "4"]
[Board "17"]
[White "Zakowicz, Rafael"]
[Black "Filgueiras, Nathan Felipe"]
[Result "0-1"]
[WhiteElo "1932"]
[BlackElo "2312"]
[PlyCount "54"]
[EventDate "2021.10.28"]
[EventRounds "11"]
[EventCountry "BRA"]

1. e4 c5 2. Nf3 Nc6 3. Bc4 e6 4. Qe2 Be7 5. d3 d5 6. Bb3 Nf6 7. c3 b5 8. e5 Nd7
9. d4 Qb6 10. Be3 b4 11. dxc5 Bxc5 12. Bf4 Ba6 13. Qc2 Rc8 14. Bg3 bxc3 15.
bxc3 Nb4 16. Qd2 Nd3+ 17. Kd1 Bxf2 18. Qg5 Bxg3 19. Qxg3 Nf2+ 20. Kc2 Nxh1 21.
Qxg7 Rf8 22. Nbd2 Nf2 23. c4 dxc4 24. Ba4 c3 25. Nb3 Bd3+ 26. Kc1 Qe3+ 27. Nbd2
cxd2+  0-1

[Event "87o Campeonato Brasileiro Absoluto Final Aberta"]
[Site "Cuiaba MT"]
[Date "2021.10.30"]
[Round "4"]
[Board "18"]
[White "Do Valle Cardoso, Lucas"]
[Black "Pinto, Pedro Jorge De Moraes"]
[Result "0-1"]
[WhiteElo "2285"]
[BlackElo "2010"]
[PlyCount "60"]
[EventDate "2021.10.28"]
[EventRounds "11"]
[EventCountry "BRA"]

1. e4 c5 2. Nf3 g6 3. Nc3 Bg7 4. d4 cxd4 5. Nxd4 Nc6 6. Be3 d6 7. Qd2 Nf6 8. f3
h5 9. O-O-O Bd7 10. Bc4 Na5 11. Be2 Rc8 12. h3 Nc4 13. Bxc4 Rxc4 14. g4 Qc8 15.
g5 Nh7 16. h4 Nf8 17. Kb1 Ne6 18. Nde2 b5 19. Nd5 Nc7 20. b3 Nxd5 21. bxc4 Nxe3
22. Qxe3 O-O 23. c5 Be6 24. f4 Qa6 25. Nc1 Rc8 26. cxd6 exd6 27. Rd3 b4 28.
Rhd1 Bxa2+ 29. Nxa2 Rxc2 30. Nc3 bxc3  0-1

[Event "87o Campeonato Brasileiro Absoluto Final Aberta"]
[Site "Cuiaba MT"]
[Date "2021.10.30"]
[Round "4"]
[Board "19"]
[White "De Oliveira, Yuri Garcia"]
[Black "Marra, Eduardo Da Costa"]
[Result "0-1"]
[WhiteElo "1925"]
[BlackElo "2200"]
[PlyCount "82"]
[EventDate "2021.10.28"]
[EventRounds "11"]
[EventCountry "BRA"]

1. c4 g6 2. Nc3 Bg7 3. g3 e5 4. Bg2 Ne7 5. d3 c6 6. e4 O-O 7. Nge2 Na6 8. O-O
Nc7 9. Be3 f5 10. Bg5 Ne6 11. Bxe7 Qxe7 12. exf5 gxf5 13. f4 d6 14. Qd2 Qe8 15.
Rab1 a5 16. b3 Qh5 17. Bf3 Qh6 18. Qc1 exf4 19. Nxf4 Nxf4 20. gxf4 Bd7 21. Ne2
Rf6 22. d4 Re8 23. Qd2 Qh4 24. Qe1 Rg6+ 25. Kh1 Qxe1 26. Rbxe1 Rge6 27. d5 Re3
28. dxc6 Bxc6 29. Bxc6 bxc6 30. Rf2 Kf7 31. Rd1 Rxe2 32. Rxe2 Rxe2 33. Rxd6 Re6
34. Rd7+ Re7 35. Rd6 Rc7 36. Kg2 Ke7 37. Rd3 Rd7 38. Re3+ Kf7 39. a3 Rd2+ 40.
Kg3 Rc2 41. Rd3 Rc3  0-1

[Event "87o Campeonato Brasileiro Absoluto Final Aberta"]
[Site "Cuiaba MT"]
[Date "2021.10.30"]
[Round "4"]
[Board "20"]
[White "Brito, Luismar"]
[Black "Araujo, Everson De Moura"]
[Result "1-0"]
[WhiteElo "2198"]
[BlackElo "1965"]
[PlyCount "37"]
[EventDate "2021.10.28"]
[EventRounds "11"]
[EventCountry "BRA"]

1. Nc3 e5 2. Nf3 Nc6 3. d4 exd4 4. Nxd4 Nf6 5. Bg5 Bb4 6. Ndb5 Be7 7. Bxf6 Bxf6
8. Nd5 Be5 9. f4 a6 10. Nbc3 Bd4 11. e3 Bxc3+ 12. Nxc3 O-O 13. Qf3 b5 14. O-O-O
Bb7 15. Bd3 Rb8 16. Be4 Re8 17. Qh3 h6 18. Rxd7 Qf6 19. Nd5  1-0

[Event "87o Campeonato Brasileiro Absoluto Final Aberta"]
[Site "Cuiaba MT"]
[Date "2021.10.30"]
[Round "4"]
[Board "21"]
[White "Carstens Dobuchak, Thiago"]
[Black "Custodio, Leandro"]
[Result "1/2-1/2"]
[WhiteElo "2179"]
[BlackElo "1953"]
[PlyCount "50"]
[EventDate "2021.10.28"]
[EventRounds "11"]
[EventCountry "BRA"]

1. e4 e6 2. d3 d5 3. Nd2 Nd7 4. Ngf3 Bd6 5. Qe2 c6 6. g3 h5 7. h4 Qe7 8. e5 Bc7
9. Bg2 b6 10. O-O Nh6 11. d4 a5 12. Rd1 Ba6 13. Qe1 Ng4 14. Nf1 Bxf1 15. Bxf1
f6 16. Bf4 Qf7 17. c4 O-O 18. cxd5 cxd5 19. Rac1 Ra7 20. Rc2 fxe5 21. dxe5 Nc5
22. Rdc1 Qg6 23. Kh1 Bd8 24. Ng5 Bxg5 25. Bxg5 Raf7  1/2-1/2

[Event "87o Campeonato Brasileiro Absoluto Final Aberta"]
[Site "Cuiaba MT"]
[Date "2021.10.30"]
[Round "4"]
[Board "22"]
[White "Ribeiro, Matheus Mendes Domingues"]
[Black "Silva, Guilherme Henrique De Mora"]
[Result "1-0"]
[WhiteElo "2177"]
[BlackElo "1943"]
[PlyCount "83"]
[EventDate "2021.10.28"]
[EventRounds "11"]
[EventCountry "BRA"]

1. c4 e5 2. Nc3 f5 3. Nf3 d6 4. g3 Nf6 5. Bg2 Be7 6. O-O Nc6 7. d3 O-O 8. Rb1
a5 9. a3 Qe8 10. b4 axb4 11. axb4 h6 12. b5 Nd8 13. b6 c5 14. Nb5 Ne6 15. e3 g5
16. d4 cxd4 17. exd4 e4 18. Nd2 Bd7 19. d5 Bxb5 20. Rxb5 Nc5 21. Nb3 Nxb3 22.
Qxb3 Kh7 23. f3 exf3 24. Qxf3 Nd7 25. Bb2 Bd8 26. Bd4 Ne5 27. Qe2 Bf6 28. Kh1
Ng4 29. Qxe8 Raxe8 30. Bg1 Kg6 31. c5 dxc5 32. Rxc5 Be5 33. Rc7 Rb8 34. Bc5
Rfd8 35. Re1 Re8 36. h3 Bxc7 37. Rxe8 Nf6 38. Re6 Bd8 39. d6 Kf7 40. Re1 Nd7
41. Bd5+ Kf8 42. Bb4 {resto ilegÃƒ^^vel}  1-0

[Event "87o Campeonato Brasileiro Absoluto Final Aberta"]
[Site "Cuiaba MT"]
[Date "2021.10.30"]
[Round "4"]
[Board "23"]
[White "Rocha, Vitor Firmo De Souza"]
[Black "Gazineu Neto, Rubens"]
[Result "1-0"]
[WhiteElo "2176"]
[BlackElo "1931"]
[PlyCount "69"]
[EventDate "2021.10.28"]
[EventRounds "11"]
[EventCountry "BRA"]

1. e4 c5 2. Nf3 Nc6 3. d4 cxd4 4. Nxd4 Nf6 5. Nc3 e5 6. Ndb5 d6 7. Bg5 a6 8.
Na3 b5 9. Bxf6 gxf6 10. Nd5 Bg7 11. c3 f5 12. exf5 Bxf5 13. Nc2 O-O 14. Nce3
Be6 15. Bd3 f5 16. Qh5 e4 17. Bc2 Ne7 18. Rd1 Nxd5 19. Nxd5 Be5 20. O-O Ra7 21.
f4 Bg7 22. Bb3 Kh8 23. Kh1 a5 24. Ne3 Qe7 25. Bxe6 Qxe6 26. Rd5 b4 27. Rfd1 Ra6
28. Nxf5 bxc3 29. Nxg7 Kxg7 30. bxc3 a4 31. Qe2 Rb6 32. Qc4 Rfb8 33. Rg5+ Kf7
34. Rg7+ Kf6 35. Qd4+  1-0

[Event "87o Campeonato Brasileiro Absoluto Final Aberta"]
[Site "Cuiaba MT"]
[Date "2021.10.30"]
[Round "4"]
[Board "24"]
[White "Jorge, Denrick Cabral Jose"]
[Black "Zallio, Luciano De Souza"]
[Result "1/2-1/2"]
[WhiteElo "1927"]
[BlackElo "2163"]
[PlyCount "60"]
[EventDate "2021.10.28"]
[EventRounds "11"]
[EventCountry "BRA"]

1. e4 e6 2. d4 d5 3. Nc3 Bb4 4. e5 c5 5. a3 Bxc3+ 6. bxc3 Qc7 7. Qg4 Ne7 8.
Qxg7 Rg8 9. Qxh7 cxd4 10. Ne2 Nbc6 11. f4 dxc3 12. h4 Bd7 13. h5 O-O-O 14. Qd3
d4 15. h6 Rg6 16. h7 Rh8 17. Nxd4 Nxd4 18. Qxd4 Kb8 19. Be3 b6 20. Bd3 Rxg2 21.
O-O-O Bc6 22. Rhg1 Ng6 23. Qxc3 Rxh7 24. Rxg2 Bxg2 25. Qxc7+ Kxc7 26. f5 exf5
27. Bxf5 Rh1 28. Rxh1 Bxh1 29. e6 Bd5 30. exf7 Bxf7  1/2-1/2

[Event "87o Campeonato Brasileiro Absoluto Final Aberta"]
[Site "Cuiaba MT"]
[Date "2021.10.30"]
[Round "4"]
[Board "25"]
[White "Souza, Rafael Cabral De"]
[Black "Costa, Kerginaldo Brito Da"]
[Result "1/2-1/2"]
[WhiteElo "2162"]
[BlackElo "1926"]
[PlyCount "61"]
[EventDate "2021.10.28"]
[EventRounds "11"]
[EventCountry "BRA"]

1. e4 c5 2. Nf3 e6 3. Nc3 d6 4. d4 cxd4 5. Nxd4 a6 6. g4 Qc7 7. Bg2 Bd7 8. O-O
Nc6 9. Re1 Nge7 10. Ndb5 axb5 11. Nxb5 Qb6 12. Nxd6+ Kd8 13. Nxf7+ Ke8 14. Nxh8
g6 15. Be3 Qxb2 16. Nf7 Kxf7 17. Qxd7 Rd8 18. Qc7 Rc8 19. Qb6 Qxc2 20. Rec1 Qe2
21. g5 Bg7 22. Re1 Qc2 23. Rac1 Qxa2 24. Qxb7 Rb8 25. Qc7 Be5 26. Qd7 Rd8 27.
Qb7 Rb8 28. Qd7 Rd8 29. Qb7 Rb8 30. Qd7 Rd8 31. Qb7  1/2-1/2

[Event "87o Campeonato Brasileiro Absoluto Final Aberta"]
[Site "Cuiaba MT"]
[Date "2021.10.30"]
[Round "4"]
[Board "26"]
[White "Zanette, Edgard Vinicius"]
[Black "Dos Anjos, Avner Augusto"]
[Result "1-0"]
[WhiteElo "2157"]
[BlackElo "1923"]
[PlyCount "43"]
[EventDate "2021.10.28"]
[EventRounds "11"]
[EventCountry "BRA"]

1. e4 c5 2. Nc3 Nc6 3. f4 e6 4. Nf3 Nf6 5. d3 d5 6. e5 Nd7 7. g3 a6 8. a4 f6 9.
exf6 Nxf6 10. Bg2 Bd6 11. O-O O-O 12. Kh1 Rb8 13. d4 b5 14. axb5 axb5 15. dxc5
Bxc5 16. Qe2 b4 17. Na4 Nd4 18. Qd3 Nxf3 19. Nxc5 e5 20. Qxf3 e4 21. Qb3 Kh8
22. Be3  1-0

[Event "87o Campeonato Brasileiro Absoluto Final Aberta"]
[Site "Cuiaba MT"]
[Date "2021.10.30"]
[Round "4"]
[Board "27"]
[White "Felicio, Leonardo Demetrio De F."]
[Black "Lage, Pedro Ferreira"]
[Result "0-1"]
[WhiteElo "1896"]
[BlackElo "2144"]
[PlyCount "56"]
[EventDate "2021.10.28"]
[EventRounds "11"]
[EventCountry "BRA"]

1. d4 f5 2. c4 Nf6 3. g3 d6 4. Nf3 g6 5. Bg2 Bg7 6. O-O O-O 7. Nc3 Nc6 8. a3 e5
9. d5 Na5 10. Qa4 b6 11. Ng5 Bd7 12. Qc2 e4 13. Nb5 h6 14. Ne6 Bxe6 15. dxe6 c6
16. Nd4 d5 17. c5 Ng4 18. Rd1 bxc5 19. Qxc5 Bxd4 20. Rxd4 Nb3 21. e7 Nxc5 22.
exd8=Q Rfxd8 23. Rd1 Nb3 24. Rb1 Kg7 25. h3 Ne5 26. Bf1 Rd7 27. Kg2 d4 28. f4
Nc4  0-1

[Event "87o Campeonato Brasileiro Absoluto Final Aberta"]
[Site "Cuiaba MT"]
[Date "2021.10.30"]
[Round "4"]
[Board "28"]
[White "Oliveira, Leonardo Tadeu De Alme"]
[Black "Azevedo Junior, Joao Nunes"]
[Result "1-0"]
[WhiteElo "2121"]
[BlackElo "1919"]
[PlyCount "57"]
[EventDate "2021.10.28"]
[EventRounds "11"]
[EventCountry "BRA"]

1. e4 c5 2. Nf3 Nc6 3. d4 cxd4 4. Nxd4 Nf6 5. Nc3 e5 6. Ndb5 d6 7. Nd5 Nxd5 8.
exd5 Nb8 9. c4 a6 10. Nc3 Nd7 11. Bd3 Nc5 12. Bc2 Qh4 13. O-O Qxc4 14. Be3 Qg4
15. f3 Qh4 16. g3 Qh5 17. Qd2 f5 18. Bxc5 dxc5 19. d6 Qh6 20. Ba4+ b5 21. Qd5
Qe3+ 22. Kh1 Ra7 23. Qc6+ Kf7 24. Qxc8 Bxd6 25. Qxf5+ Ke8 26. Qe6+ Be7 27. Rae1
Qh6 28. Qxe5 Rd7 29. Nxb5  1-0

[Event "87o Campeonato Brasileiro Absoluto Final Aberta"]
[Site "Cuiaba MT"]
[Date "2021.10.30"]
[Round "4"]
[Board "29"]
[White "Trevisan, Rodrigo"]
[Black "Da Silva, Fabio Lima"]
[Result "1-0"]
[WhiteElo "2111"]
[BlackElo "1909"]
[PlyCount "134"]
[EventDate "2021.10.28"]
[EventRounds "11"]
[EventCountry "BRA"]

1. c4 c6 2. Nf3 Nf6 3. g3 g6 4. b3 Bg7 5. Bb2 b5 6. Bg2 bxc4 7. bxc4 O-O 8. O-O
Na6 9. d4 Rb8 10. Ba3 d5 11. Nc3 Qa5 12. Qc1 Ne4 13. Nxe4 dxe4 14. Nd2 Bxd4 15.
Nb3 Rxb3 16. axb3 Qb6 17. Bb2 Bxb2 18. Qxb2 Nc5 19. Qc3 Qxb3 20. Qxb3 Nxb3 21.
Rxa7 Be6 22. Rd1 Bxc4 23. Bxe4 Bxe2 24. Re1 Nd4 25. Rxe7 Nf3+ 26. Bxf3 Bxf3 27.
Re8 Bd5 28. f4 c5 29. Rxf8+ Kxf8 30. Re5 Be6 31. Rxc5 Kg7 32. Kg2 Kf6 33. Kf3
h6 34. h4 h5 35. Ke4 Bg4 36. Re5 Be6 37. Kd4 Bh3 38. Ra5 Bc8 39. Ke4 Bf5+ 40.
Kd4 Be6 41. Ke4 Bf5+ 42. Kd5 Be6+ 43. Kd6 Bc8 44. Re5 Bf5 45. Rb5 Be6 46. Re5
Bb3 47. Kd7 Be6+ 48. Ke8 Bb3 49. Rc5 Ba2 50. Kf8 Be6 51. Rc6 Kf5 52. Kg7 Kg4
53. Rc3 Kf5 54. Rc5+ Kg4 55. Rc3 Kf5 56. Kh6 Kf6 57. Rc5 Bh3 58. Kh7 Bf5 59.
Kg8 Bh3 60. Rc7 Be6 61. Kf8 Bd5 62. Ra7 Bc4 63. Ke8 Be6 64. Ra5 Bb3 65. f5 gxf5
66. Kd7 Be6+ 67. Kd6 Bb3 {resto ilegÃƒ^^vel}  1-0

[Event "87o Campeonato Brasileiro Absoluto Final Aberta"]
[Site "Cuiaba MT"]
[Date "2021.10.30"]
[Round "4"]
[Board "30"]
[White "Santanna, Paulo"]
[Black "Almeida Junior, Alvaro Alves De"]
[Result "1/2-1/2"]
[WhiteElo "1894"]
[BlackElo "2106"]
[PlyCount "99"]
[EventDate "2021.10.28"]
[EventRounds "11"]
[EventCountry "BRA"]

1. Nf3 Nf6 2. c4 g6 3. b3 Bg7 4. Bb2 O-O 5. g3 c5 6. Bg2 d5 7. cxd5 Nxd5 8.
Bxg7 Kxg7 9. O-O Bf5 10. Nh4 Be6 11. Qc1 Nc6 12. Qxc5 Rc8 13. Nc3 b6 14. Qa3
Nd4 15. Qb2 Kg8 16. Rfe1 Nb4 17. Rac1 b5 18. Nf3 Bf5 19. Nxd4 Qxd4 20. a3 Nc6
21. e3 Qd7 22. d4 Na5 23. e4 Bg4 24. d5 a6 25. Ne2 Rxc1 26. Rxc1 Rc8 27. Rxc8+
Qxc8 28. Nd4 Bd1 29. e5 Bxb3 30. Nc6 Nxc6 31. dxc6 Be6 32. Qd4 Qc7 33. Qc5 Kg7
34. h4 h5 35. Kh2 Kf8 36. Qb4 Qxe5 37. Qa5 Ke8 38. Qxa6 Kd8 39. Qb6+ Kc8 40. f4
Qb8 41. Qc5 Kd8 42. Bf1 Bc4 43. Bxc4 bxc4 44. Qxc4 Qb2+ 45. Kh3 Qxa3 46. Qxf7
Qf3 47. Qf8+ Kc7 48. Qxe7+ Kxc6 49. Qe6+ Kc7 50. Qe5+  1/2-1/2

[Event "87o Campeonato Brasileiro Absoluto Final Aberta"]
[Site "Cuiaba MT"]
[Date "2021.10.30"]
[Round "4"]
[Board "31"]
[White "Cardoso, Marcio De Lucca"]
[Black "Mariano, Marceley Martins"]
[Result "1-0"]
[WhiteElo "1892"]
[BlackElo "2095"]
[PlyCount "125"]
[EventDate "2021.10.28"]
[EventRounds "11"]
[EventCountry "BRA"]

1. e4 c5 2. Nf3 d6 3. d4 cxd4 4. Nxd4 Nf6 5. Nc3 a6 6. Be2 e5 7. Nb3 Be6 8. Be3
Nc6 9. f3 Qc7 10. Qd2 b5 11. g4 b4 12. Nd1 h6 13. g5 hxg5 14. Bxg5 Be7 15. Nf2
a5 16. Bb5 a4 17. Nc1 Kf8 18. Ne2 Qb6 19. Qd3 Ra5 20. Bc4 Bxc4 21. Qxc4 Rc5 22.
Qd3 b3 23. c3 Rb5 24. a3 Nd8 25. Be3 Qb7 26. Ng3 g6 27. O-O-O d5 28. Kb1 Ne6
29. Qe2 Kg7 30. Rdg1 Bc5 31. exd5 Bxe3 32. Nf5+ Kf8 33. Nxe3 Nf4 34. Qd2 N6xd5
35. c4 Nxe3 36. cxb5 Nf5 37. Qb4+ Kg7 38. Ne4 Nd4 39. Qd6 Nxf3 40. Qf6+ Kg8 41.
Nd6 Qd5 42. Rc1 Kh7 43. Qxf7+ Qxf7 44. Nxf7 Rb8 45. Rc7 Kg8 46. Nd6 Nd4 47. Rc5
Rd8 48. b6 Rxd6 49. b7 Rb6 50. Rc8+ Kf7 51. b8=Q Rxb8 52. Rxb8 Kf6 53. Rb4 Kf5
54. Rxa4 g5 55. Rb4 Nd3 56. Rb8 e4 57. a4 e3 58. a5 e2 59. Re8 Ne6 60. Rxe6
Kxe6 61. a6 Ne5 62. a7 Nf3 63. a8=Q  1-0

[Event "87o Campeonato Brasileiro Absoluto Final Aberta"]
[Site "Cuiaba MT"]
[Date "2021.10.30"]
[Round "4"]
[Board "32"]
[White "Sekula, Markley Ribas"]
[Black "Farias, Igor Borge Cardoso"]
[Result "1-0"]
[WhiteElo "2092"]
[BlackElo "1889"]
[PlyCount "59"]
[EventDate "2021.10.28"]
[EventRounds "11"]
[EventCountry "BRA"]

1. e4 c5 2. Nf3 d6 3. d4 cxd4 4. Nxd4 Nf6 5. Nc3 a6 6. f4 e6 7. Qf3 Qc7 8. g4
b5 9. g5 b4 10. gxf6 bxc3 11. fxg7 Bxg7 12. bxc3 Bb7 13. Bd2 Nc6 14. Qd3 Rc8
15. Rg1 Bf6 16. Rb1 Ke7 17. Nf3 Na5 18. c4 Ba8 19. e5 dxe5 20. Qa3+ Ke8 21.
Bxa5 Qc6 22. Nd2 exf4 23. Bg2 Qd7 24. Bxa8 Rxa8 25. Qf3 Rc8 26. Qxf4 Bd4 27.
Rg3 Rc6 28. Rb8+ Ke7 29. Bb4+ Rc5 30. Qg5+  1-0

[Event "87o Campeonato Brasileiro Absoluto Final Aberta"]
[Site "Cuiaba MT"]
[Date "2021.10.30"]
[Round "4"]
[Board "33"]
[White "Brito, Vicente De Paulo Alencar"]
[Black "Souza Neves, Andrey M."]
[Result "0-1"]
[WhiteElo "1889"]
[BlackElo "2087"]
[PlyCount "110"]
[EventDate "2021.10.28"]
[EventRounds "11"]
[EventCountry "BRA"]

1. d4 d5 2. Bf4 Nf6 3. Nc3 a6 4. e3 Bf5 5. f3 e6 6. g4 Bg6 7. h4 h6 8. Bd3 Bxd3
9. Qxd3 c5 10. Nge2 Nc6 11. Nd1 cxd4 12. exd4 Bd6 13. Nf2 Bxf4 14. Nxf4 Qd6 15.
Ne2 O-O-O 16. b4 e5 17. O-O e4 18. fxe4 dxe4 19. Nxe4 Nxe4 20. Qxe4 Nxd4 21.
Nxd4 Qxd4+ 22. Qxd4 Rxd4 23. Rxf7 Rxg4+ 24. Kf2 Rxh4 25. b5 Rc4 26. bxa6 Rxc2+
27. Kg3 bxa6 28. Rxg7 a5 29. Rb1 Rc5 30. Ra7 Rg8+ 31. Kh4 Rgg5 32. Ra8+ Kd7 33.
Ra7+ Kd6 34. Rb6+ Rc6 35. Rxc6+ Kxc6 36. Ra6+ Kb5 37. Rxh6 Rg2 38. Kh3 Rxa2 39.
Kg3 Re2 40. Kf3 Re8 41. Rh7 a4 42. Rb7+ Kc4 43. Ra7 Kb4 44. Rb7+ Ka3 45. Ra7
Kb4 46. Rb7+ Ka5 47. Ra7+ Kb5 48. Rb7+ Ka6 49. Rb4 Ka5 50. Rb7 Re6 51. Ra7+ Ra6
52. Rb7 a3 53. Rb1 a2 54. Ra1 Kb4 55. Ke2 Kb3  0-1

[Event "87o Campeonato Brasileiro Absoluto Final Aberta"]
[Site "Cuiaba MT"]
[Date "2021.10.30"]
[Round "4"]
[Board "34"]
[White "Silva, Kaua Marques"]
[Black "Soares, Renan Barbosa Monteiro"]
[Result "1/2-1/2"]
[WhiteElo "2086"]
[BlackElo "1886"]
[PlyCount "99"]
[EventDate "2021.10.28"]
[EventRounds "11"]
[EventCountry "BRA"]

1. e4 c5 2. Ne2 d6 3. Nbc3 Nf6 4. d4 cxd4 5. Nxd4 a6 6. Bc4 e6 7. Be3 Be7 8.
Bb3 O-O 9. Qe2 Qc7 10. h4 b5 11. a3 Nc6 12. h5 Nxd4 13. Bxd4 e5 14. Be3 Be6 15.
g4 Bxg4 16. f3 Be6 17. Qg2 Kh8 18. f4 Bxb3 19. cxb3 d5 20. exd5 exf4 21. h6 Rg8
22. d6 Qxd6 23. hxg7+ Rxg7 24. Qxa8+ Rg8 25. Qf3 fxe3 26. Rd1 Qe5 27. Rd3 Rg3
28. Qe2 Ng4 29. Rd5 Qf4 30. Rdh5 h6 31. Rf1 Nf2 32. Qc2 Bg5 33. Ne2 Qg4 34.
Nxg3 Qxg3 35. Rxf2 exf2+ 36. Qxf2 Qe5+ 37. Qe2 Qg3+ 38. Kf1 Qf4+ 39. Kg2 Kg7
40. Rh3 Qd6 41. Qd3 Qc6+ 42. Rf3 Qe6 43. Qf5 Qe2+ 44. Rf2 Qe7 45. Kf1 Qc7 46.
Ke2 Qe7+ 47. Kd3 Qe3+ 48. Kc2 Qc1+ 49. Kd3 Qe3+ 50. Kc2  1/2-1/2